000 00535nam a2200205 a 4500
001 15380
003 CO-ViMGA
008 141112s2004 ck r 000 u spa d
020 _a9588061318
040 _aCO-ViMGA
_bspa
_cCO-ViMGA
082 0 4 _a323 K157
100 1 _aBlair, Tony; Santos Juan Manuel,
_922358
245 1 0 _aLa tercera vía
260 _aBogotá,
_cAguilar,
_c1999
300 _a132.p.
650 1 4 _aPARTIDOS POLITICOS
_9200
650 1 4 _aPolítica SOCIAL
_922359
650 1 4 _aPolítica Y GOBIERNO
942 _2ddc
_cBK
999 _c25716
_d25716